Más allá de las palabras : (Registro nro. 5557)
[ vista simple ]
| 000 -LEADER | |
|---|---|
| fixed length control field | 01621nab a22002657a 4500 |
| 003 - CONTROL NUMBER IDENTIFIER | |
| control field | OSt |
| 005 - DATE AND TIME OF LATEST TRANSACTION | |
| control field | 20251218075405.0 |
| 008 - FIXED-LENGTH DATA ELEMENTS--GENERAL INFORMATION | |
| fixed length control field | 190429b xxu||||| |||| 00| 0 spa d |
| 040 ## - CATALOGING SOURCE | |
| Transcribing agency | PJ |
| 100 ## - MAIN ENTRY--PERSONAL NAME | |
| 9 (RLIN) | 6536 |
| Personal name | Vitale, Federica |
| 245 10 - TITLE STATEMENT | |
| Title | Más allá de las palabras : |
| Remainder of title | la perspectiva de género como desafío transversal para la justicia / |
| Statement of responsibility, etc | Federica Vitale, Clara Camilletti. |
| 260 ## - PUBLICATION, DISTRIBUTION, ETC. (IMPRINT) | |
| Date of publication, distribution, etc | Ciudad Autónoma de Buenos Aires : |
| Place of publication, distribution, etc | Thomson Reuters La Ley, |
| Name of publisher, distributor, etc | 2025. |
| 300 ## - PHYSICAL DESCRIPTION | |
| Extent | p. 68-73 |
| 500 ## - GENERAL NOTE | |
| General note | Cita: TR LALEY AR/DOC/412/2025 |
| 505 ## - FORMATTED CONTENTS NOTE | |
| Formatted contents note | Sumario: I. El tribunal de Casación de la Provincia de Buenos Aires anuló el veredicto de culpabilidad de un jurado popular y ordenó un nuevo juicio.— II. El rol crucial de las instrucciones finales en los juicios por jurado. La importancia de la perspectiva de género en el ámbito de la justicia y, especialmente, en el caso de mujeres acusadas.— III. Un camino que se debe seguir construyendo.— IV. Conclusión: oportunidad para dar el siguiente paso. |
| 505 ## - FORMATTED CONTENTS NOTE | |
| Formatted contents note | Fallo comentado: TCasación Penal, Buenos Aires, sala I ~ 15/08/2024 ~ B., S. F. s/ recurso de casación. |
| 505 ## - FORMATTED CONTENTS NOTE | |
| Title | Si te interesa el texto completo, solicitalo a koha@justierradelfuego.gov.ar |
| 650 #0 - SUBJECT ADDED ENTRY--TOPICAL TERM | |
| 9 (RLIN) | 343 |
| Topical term or geographic name as entry element | DERECHO PENAL |
| 650 #0 - SUBJECT ADDED ENTRY--TOPICAL TERM | |
| 9 (RLIN) | 4044 |
| Topical term or geographic name as entry element | PERSPECTIVA DE GÉNERO |
| 650 #0 - SUBJECT ADDED ENTRY--TOPICAL TERM | |
| 9 (RLIN) | 3053 |
| Topical term or geographic name as entry element | VIOLENCIA DE GÉNERO |
| 650 #0 - SUBJECT ADDED ENTRY--TOPICAL TERM | |
| 9 (RLIN) | 3067 |
| Topical term or geographic name as entry element | JUICIO POR JURADOS |
| 700 ## - ADDED ENTRY--PERSONAL NAME | |
| Personal name | Camilletti, Clara |
| Función | coautor |
| 9 (RLIN) | 6538 |
| 773 0# - HOST ITEM ENTRY | |
| Host Biblionumber | 2658 |
| Host Itemnumber | 3164 |
| Title | Revista de derecho penal y criminología. Nº 3 - Abril 2025 |
| Place, publisher, and date of publication | Ciudad Autónoma de Buenos Aires : Thomson Reuters La Ley, 2017- |
| International Standard Serial Number | 00347914 |
| 942 ## - ADDED ENTRY ELEMENTS (KOHA) | |
| Source of classification or shelving scheme | |
| Koha item type | Analítica Artículo de Revista |
No hay ítems disponibles.
